ბათუმის შოთა რუსთაველის სახელმწიფო უნივერსიტეტის ბიბლიოთეკა

ახალბერძნულ-ქართული ლექსიკონი (ბიბ.ჩანაწერი № 34501)

000 -LEADER
fixed length control field 00950nam a2200217Ia 4500
001 - CONTROL NUMBER
control field 250
003 - CONTROL NUMBER IDENTIFIER
control field GE_BSU
008 - FIXED-LENGTH DATA ELEMENTS--GENERAL INFORMATION
fixed length control field 181216s||||||||xx |||||||||||||| ||und||
040 ## - CATALOGING SOURCE
Transcribing agency GE_BSU
080 ## - UNIVERSAL DECIMAL CLASSIFICATION NUMBER
Universal Decimal Classification number 811.14'06=811.353.1
245 ## - TITLE STATEMENT
Title ახალბერძნულ-ქართული ლექსიკონი
245 ## - TITLE STATEMENT
Remainder of title ივანე ჯავახიშვილის სახ.თბილისის სახ.უნ-ტი. კლასიკური ფილოგიის, ბიზანტინისტიკის და ნეოგრეცისტიკის ინ-ტი.
245 ## - TITLE STATEMENT
Statement of responsibility, etc. რედ. სოფიო შამანიდი
260 ## - PUBLICATION, DISTRIBUTION, ETC.
Place of publication, distribution, etc. თბილისი
260 ## - PUBLICATION, DISTRIBUTION, ETC.
Date of publication, distribution, etc. 2009
300 ## - PHYSICAL DESCRIPTION
Extent 1254 გვ.28 სმ.
653 ## - INDEX TERM--UNCONTROLLED
Uncontrolled term ახალბერძნულ-ქართული ლექსიკონი
653 ## - INDEX TERM--UNCONTROLLED
Uncontrolled term ლექსიკონი
942 ## - ADDED ENTRY ELEMENTS (KOHA)
Koha item type წიგნი
ეგზემპლარები
Withdrawn status Lost status Damaged status Not for loan Date acquired Barcode Date last seen Price effective from Koha item type Public note
        2018-12-17 593 2018-12-17 2018-12-17 წიგნი დარბაზი